Hospitality industry computer systems (Record no. 49358)

MARC details
000 -LEADER
fixed length control field 00492nam a2200169Ia 4500
008 - FIXED-LENGTH DATA ELEMENTS--GENERAL INFORMATION
fixed length control field 220805s9999 xx 000 0 und d
020 ## - INTERNATIONAL STANDARD BOOK NUMBER
International Standard Book Number 9780866121484
041 ## - LANGUAGE CODE
Language code of text/sound track or separate title eng
082 ## - DEWEY DECIMAL CLASSIFICATION NUMBER
Classification number 647.940285
100 ## - MAIN ENTRY--PERSONAL NAME
Personal name Kasavana, Michael L.
9 (RLIN) 89871
260 ## - PUBLICATION, DISTRIBUTION, ETC. (IMPRINT)
Name of publisher, distributor, etc. The educational Institute of American Culinary federation, florida
Date of publication, distribution, etc. 1997
245 ## - TITLE STATEMENT
Title Hospitality industry computer systems
250 ## - EDITION STATEMENT
Edition statement 3rd
300 ## - PHYSICAL DESCRIPTION
Extent 329
650 ## - SUBJECT ADDED ENTRY--TOPICAL TERM
Topical term or geographic name as entry element Hospitality Industry
9 (RLIN) 89872
700 ## - ADDED ENTRY--PERSONAL NAME
Personal name Cahill, John
9 (RLIN) 89873
Holdings
Withdrawn status Lost status Source of classification or shelving scheme Damaged status Not for loan Home library Current library Date acquired Vendor Full call number Barcode Date last seen Bill Date Koha item type Original Barcode
    Dewey Decimal Classification     Manilal Nanavati Vocational Training Institute Pune Manilal Nanavati Vocational Training Institute Pune 09/08/2022 Donated 647.940285/KAS/DB08 MNVT-DB-08 09/08/2022 09/08/2022 Donated Book DB08